000 01407nam0a22002531 4500
001 rc\1112406
005 20041126174247.5
035 _a(NLR Aleph) 006356589
090 _a4857576
_c4857576
100 _a20041126d1982 u |0rusy50 ca
101 0 _arus
102 _aRU
105 _ay |||||||||
200 1 _aТрудовая деятельность - основа формирования образа жизни
_e(Тез. докл. Всесоюз. науч.-практ. конф. "Пробл. развития соц. образа жизни в свете требований XXVI съезда КПСС", Магадан, апр. 1982 г.)
_f[Авт.-сост.: к. ф. н. Э.Н. Фетисов
_gРедкол.: д. ф. н., проф. И.Т. Левыкин (отв. ред.) и др.]
210 _aМ.
_cИн-т социол. исслед.
_d1982
215 _a[2], 71 с.
_d20
300 _aВ надзаг.: АН СССР, Ин-т социол. исслед.
702 1 _aЛевыкин
_bИ. Т.
_gИван Тихонович
_4340
712 1 2 _a"Проблемы развития социалистического образа жизни в свете требований XXVI съезда КПСС", всесоюзная науч.-практ. конф.
_f1982
_eМагадан
801 0 _aRU
_bNLR
_gpsbo
801 1 _aRU
_bELAR
_2rusmarc
852 _aNLR
_j82-4/23929
942 _cBOOK
980 _aNB